000 00285nam a2200109 a 4500
001 4140
005 20140414131940.0
008 090218s19uu xx 00 eng d
050 _aTR 170
_bM65 2005
245 _aMimi the selfish kitten :
_ba book about sharing our toys.
999 _c112584
_d112584